Statistics for Leading U.S. States for Wind ElectricIty Generation - 2017

Click here to take the quiz!

General Stats

  • This quiz has been taken 56 times
    (17 since last reset)
  • The average score is 6 of 9

Answer Stats

Million MegawatthoursSTATE% Correct
67,061Texas
93%
12,823California
87%
6.925Washington
73%
12,268Illinois
67%
23,599Oklahoma
67%
6.227Oregon
67%
9,315Colorado
60%
18,598Kansas
60%
21,373Iowa
53%

Score Distribution

Percentile by Number Answered

Percent of People with Each Score

Your Score History

You have not taken this quiz since the last reset